| 000 | 00542nam a22001577a 4500 | ||
|---|---|---|---|
| 999 |
_c17641 _d17641 |
||
| 008 | 221118b ||||| |||| 00| 0 eng d | ||
| 020 | _a9786218179875 | ||
| 082 |
_22022 _aDFil 910.688 _bAr332 |
||
| 100 |
_aArenas, Chester Dave G. _945932 |
||
| 245 |
_aDestination management & marketing / _cChester Dave G. Arenas. |
||
| 260 |
_aManila : _bEdric Publishing House, _c©2022. |
||
| 300 |
_a71 pages : _billustrations ; _c25 cm. |
||
| 500 | _aIncludes bibliographical references. | ||
| 650 |
_aTourism _xMarketing. _946856 |
||
| 942 |
_2ddc _cDFIL |
||